| 000 | 01643cam a2200133 4500500 | ||
|---|---|---|---|
| 005 | 20251214002803.0 | ||
| 041 | _afre | ||
| 042 | _adc | ||
| 100 | 1 | 0 |
_aDewey, John _eauthor |
| 245 | 0 | 0 | _aDémocratie et éducation : Suivi de Expérience et Éducation |
| 260 |
_bArmand Colin,
_c2022. |
||
| 520 | _aCe volume propose les deux grands textes de John Dewey sur l’éducation : son traité de pédagogie, Démocratie et Éducation (1916) et Expérience et Éducation (1938) où l’auteur précise sa pensée et répond à ses détracteurs.Dewey place l’expérience au cœur de l’apprentissage et recentre la pédagogie sur l’individu plutôt que sur les savoirs : l’école doit répondre à la curiosité naturelle de l’enfant et lui apprendre à désirer et entreprendre ; les travaux manuels et la vie sociale prennent le pas sur les exercices imposés ; la motivation et l’effort individuel peuvent se substituer à la discipline et au régime de sanction. La finalité de l’école est d’accroître la capacité à agir et c’est en cela qu’elle participe de la démocratie.On se rendra compte de la modernité de la pédagogie de Dewey ou du moins de l’actualité des questions qu’il pose : comment centrer l’éducation sur « les propres activités sociales de l’enfant » plutôt que sur les savoirs ? Comment l’éducation peut-elle préparer l’enfant aux conditions sociales qu’il connaîtra hors de l’école ? Comment rétablir la continuité de l’école et de la société ? | ||
| 856 | 4 | 1 | _uhttps://shs.cairn.info/democratie-et-education--9782200633219?lang=fr&redirect-ssocas=7080 |
| 999 |
_c1567452 _d1567452 |
||